Řezné nástroje : Základy /

Salvato in:
Dettagli Bibliografici
Autore principale: Roček, Vladimír (Autore)
Natura: Libro
Lingua:ceco
Pubblicazione: Praha : SNTL, 1961
Soggetti:
Tags: Aggiungi Tag
Nessun Tag, puoi essere il primo ad aggiungerne!!

MARC

LEADER 00000nam a22000003a 4500
001 stu41397
005 20150617225719.2
008 931123s1961----cs------------------cze-d
040 |a STU  |b slo 
041 0 |a cze 
044 |a cs 
080 |a 621.9.02 
100 1 |a Roček, Vladimír  |4 aut 
245 1 |a Řezné nástroje :  |b Základy /  |c [aut.]Vladimír Roček 
260 |a Praha :  |b SNTL,  |c 1961 
300 |a 92 s 
650 7 |a nástroje rezné  |2 stusub 
996 |b 284M016014  |c M*3864-1  |l MMKN  |s A  |a 24  |w stu41397_0001